| 000 | 00409nam a2200169Ia 4500 | ||
|---|---|---|---|
| 003 | 0STCL | ||
| 008 | 150530s9999 xx 000 0 und d | ||
| 040 |
_aSTCL _cSTCL |
||
| 100 | _aSiegfried Herrmann | ||
| 245 | _aMotor Cycle | ||
| 260 |
_bState Institue of Languages; Trivandrum _c1972 _aTrivandrum |
||
| 300 | _a0 | ||
| 546 | _aMalayalam | ||
| 942 |
_2ddc _cBK |
||
| 999 |
_c17786 _d17786 |
||
| 005 | 20220125165815.0 | ||